Grundfragen der Lyrikologie 1 : Lyrisches Ich, Textsubjekt, Sprecher?

Bibliographic Details
Main Author: Hillebrandt, Claudia.
Other Authors: Klimek, Sonja., Müller, Ralph., Zymner, Rüdiger.
Format: eBook
Language:German
Published: Berlin/Boston : De Gruyter, Inc., 2018.
Edition:1st ed.
Subjects:
Online Access:Click to View
LEADER 01534nam a22003853i 4500
001 EBC6978378
003 MiAaPQ
005 20240729202203.0
006 m o d |
007 cr cnu||||||||
008 240729s2018 xx o ||||0 ger d
020 |a 9783110520521  |q (electronic bk.) 
020 |z 9783110496406 
035 |a (MiAaPQ)EBC6978378 
035 |a (Au-PeEL)EBL6978378 
035 |a (OCoLC)1078913260 
040 |a MiAaPQ  |b eng  |e rda  |e pn  |c MiAaPQ  |d MiAaPQ 
100 1 |a Hillebrandt, Claudia. 
245 1 0 |a Grundfragen der Lyrikologie 1 :  |b Lyrisches Ich, Textsubjekt, Sprecher? 
250 |a 1st ed. 
264 1 |a Berlin/Boston :  |b De Gruyter, Inc.,  |c 2018. 
264 4 |c ©2019. 
300 |a 1 online resource (382 pages) 
336 |a text  |b txt  |2 rdacontent 
337 |a computer  |b c  |2 rdamedia 
338 |a online resource  |b cr  |2 rdacarrier 
588 |a Description based on publisher supplied metadata and other sources. 
590 |a Electronic reproduction. Ann Arbor, Michigan : ProQuest Ebook Central, 2024. Available via World Wide Web. Access may be limited to ProQuest Ebook Central affiliated libraries.  
655 4 |a Electronic books. 
700 1 |a Klimek, Sonja. 
700 1 |a Müller, Ralph. 
700 1 |a Zymner, Rüdiger. 
776 0 8 |i Print version:  |a Hillebrandt, Claudia  |t Grundfragen der Lyrikologie 1  |d Berlin/Boston : De Gruyter, Inc.,c2018  |z 9783110496406 
797 2 |a ProQuest (Firm) 
856 4 0 |u https://ebookcentral.proquest.com/lib/matrademy/detail.action?docID=6978378  |z Click to View